Drawings of the Inns of Court and Chancery made probably in the first half of the eighteenth century (Record no. 107528)

MARC details
000 -LEADER
fixed length control field 00753cam a22001815a 4500
001 - CONTROL NUMBER
control field L140646
008 - FIXED-LENGTH DATA ELEMENTS--GENERAL INFORMATION
fixed length control field 071003s1928 xxk a e 000 0 eng d
035 ## - SYSTEM CONTROL NUMBER
System control number (Sirsi) u140646
041 0# - LANGUAGE CODE
Language code of text/sound track or separate title eng
110 2# - MAIN ENTRY--CORPORATE NAME
Corporate name or jurisdiction name as entry element London Topographical Society
9 (RLIN) 106
245 00 - TITLE STATEMENT
Title Drawings of the Inns of Court and Chancery made probably in the first half of the eighteenth century
Remainder of title reproduced from originals in the possession of the Society of Antiquaries of London with notes by J. Bruce Williamson a Master of the Bench of the Honorable Society of the Middle Temple
260 ## - PUBLICATION, DISTRIBUTION, ETC.
Place of publication, distribution, etc. London
Name of publisher, distributor, etc. London Topographical Society
Date of publication, distribution, etc. 1928
300 ## - PHYSICAL DESCRIPTION
Extent 1 v.
Other physical details ill., in folder
Dimensions 36 cm.
651 #4 - SUBJECT ADDED ENTRY--GEOGRAPHIC NAME
Geographic name London
690 ## - LOCAL SUBJECT ADDED ENTRY--TOPICAL TERM (OCLC, RLIN)
Topical term or geographic name as entry element BUILT ENVIRONMENT
700 1# - ADDED ENTRY--PERSONAL NAME
Personal name Williamson, J. Bruce
942 ## - ADDED ENTRY ELEMENTS (KOHA)
Suppress in OPAC 0
Holdings
Withdrawn status Lost status Source of classification or shelving scheme Damaged status Not for loan Home library Current library Shelving location Date acquired Total Checkouts Full call number Barcode Date last seen Copy number Price effective from Koha item type
    Dewey Decimal Classification     Historic collection Historic collection Historic collection 03/10/2007   MAP CABINET DRAWER 4 140646-2001 06/08/2019 1 06/08/2019 Archive